[Event "Titled Tuesday intern op 05th Sep Early"]
[Site "Chess.com INT"]
[Date "2023.09.05"]
[Round "4"]
[White "Zierk, Steven C"]
[Black "Narayanan, Sunilduth Lyna"]
[Result "1-0"]
[WhiteElo "2488"]
[BlackElo "2654"]
[PlyCount "175"]
[EventDate "2023.09.05"]
[EventType "swiss (blitz)"]
[EventRounds "11"]
[EventCountry "USA"]
[SourceTitle "EXT 2024"]
[Source "ChessBase"]
[SourceDate "2023.10.10"]
[SourceVersion "1"]
[SourceVersionDate "2023.10.10"]
[SourceQuality "1"]

1. e4 e6 2. d4 d5 3. Nd2 Nf6 4. e5 Nfd7 5. Bd3 c5 6. c3 b6 7. Qe2 a5 8. Bb5 Ba6 9. a4 Qc8 10. f4 Nc6 11. Ngf3 cxd4 12. Nxd4 Nxd4 13. cxd4 Bxb5 14. axb5 Bb4 15. 0-0 0-0 16. Nf3 Qc4 17. Qxc4 dxc4 18. Bd2 Be7 19. Rfc1 Rfc8 20. Ra4 Kf8 21. Raxc4 Rxc4 22. Rxc4 Ke8 23. b3 Nf8 24. g4 Bb4 25. Bxb4 axb4 26. Nd2 Ng6 27. f5 Nf4 28. Ne4 Ra2 29. Nd6+ Kd7 30. Nxf7 h5 31. f6 gxf6 32. exf6 Nh3+ 33. Kf1 Rf2+ 34. Ke1 Rxf6 35. Ne5+ Kd6 36. gxh5 Kd5 37. Nd7 Rf3 38. Nxb6+ Kd6 39. Rxb4 Nf4 40. Nc4+ Kd5 41. Ne5 Re3+ 42. Kf2 Rc3 43. b6 Rc8 44. Kf3 Rf8 45. Ke3 Kd6 46. b7 Nd5+ 47. Ke4 Nxb4 48. Ng6 Rb8 49. h6 Rxb7 50. Kf4 Rh7 51. Kg5 Nd5 52. Nf8 Rh8 53. Ng6 Rh7 54. Nf8 Rf7 55. Ng6 Nf6 56. Ne5 Ne4+ 57. Kg6 Rf2 58. Ng4 Rf4 59. h3 Rf8 60. Kg7 Rb8 61. h7 Rb7+ 62. Kh6 Rb8 63. Ne5 Nf6 64. Nf7+ Kd5 65. h8Q Rxh8+ 66. Nxh8 Kxd4 67. Kg6 Nd5 68. h4 e5 69. Nf7 e4 70. Ng5 e3 71. Kf5 e2 72. Nf3+ Ke3 73. Kg4 Nf6+ 74. Kg3 Nh5+ 75. Kg2 Nf4+ 76. Kg3 Nh5+ 77. Kg2 Nf4+ 78. Kg3 Nd3 79. h5 Ne5 80. Ne1 Kd2 81. Ng2 Nf7 82. b4 Kd3 83. b5 Ke4 84. b6 Nd6 85. h6 Kd5 86. h7 e1Q+ 87. Nxe1 Nf7 88. b7 1-0

[Event "Titled Tuesday intern op 05th Sep Early"]
[Site "Chess.com INT"]
[Date "2023.09.05"]
[Round "6"]
[White "Zierk, Steven C"]
[Black "Yelisieiev, Yevhenii"]
[Result "1-0"]
[WhiteElo "2488"]
[BlackElo "2411"]
[PlyCount "91"]
[EventDate "2023.09.05"]
[EventType "swiss (blitz)"]
[EventRounds "11"]
[EventCountry "USA"]
[SourceTitle "EXT 2024"]
[Source "ChessBase"]
[SourceDate "2023.10.10"]
[SourceVersion "1"]
[SourceVersionDate "2023.10.10"]
[SourceQuality "1"]

1. e4 d6 2. d4 Nf6 3. Nc3 e5 4. Nf3 Nbd7 5. Bc4 Be7 6. 0-0 0-0 7. Re1 c6 8. a4 a5 9. h3 Nb6 10. Ba2 Nfd7 11. Be3 exd4 12. Bxd4 Nc5 13. Qd2 Nbxa4 14. Nxa4 Nxa4 15. Rad1 Nc5 16. e5 d5 17. c4 dxc4 18. Bxc4 Be6 19. Qc2 Bxc4 20. Qxc4 Ne6 21. Bc5 Qe8 22. Bd6 h6 23. Nd2 Bxd6 24. exd6 Qd7 25. Nf3 Rfd8 26. Ne5 Qe8 27. f4 Qf8 28. Nxf7 Qxf7 29. Rxe6 Rd7 30. Qe4 Rf8 31. Re7 Rxe7 32. dxe7 Re8 33. Rd8 g6 34. h4 h5 35. g3 Kg7 36. Qe5+ Kh7 37. Rxe8 Qxe8 38. Qd6 Kg7 39. Qe6 a4 40. g4 hxg4 41. h5 gxh5 42. f5 g3 43. f6+ Kh7 44. f7 Qa8 45. Qf5+ Kh6 46. f8Q+ 1-0

[Event "Titled Tuesday intern op 29th Aug Late"]
[Site "Chess.com INT"]
[Date "2023.08.29"]
[Round "3"]
[White "Pesotskiy, Mikhail"]
[Black "Zierk, Steven C"]
[Result "0-1"]
[WhiteElo "2140"]
[BlackElo "2488"]
[PlyCount "114"]
[EventDate "2023.08.29"]
[EventType "swiss (blitz)"]
[EventRounds "11"]
[EventCountry "USA"]
[SourceTitle "EXT 2024"]
[Source "ChessBase"]
[SourceDate "2023.10.10"]
[SourceVersion "1"]
[SourceVersionDate "2023.10.10"]
[SourceQuality "1"]

1. d4 d5 2. c4 dxc4 3. e3 Nf6 4. Bxc4 e6 5. Nf3 c5 6. 0-0 a6 7. dxc5 Qxd1 8. Rxd1 Bxc5 9. a3 b6 10. b4 Be7 11. Bb2 Bb7 12. Nbd2 Nbd7 13. Ne5 Nxe5 14. Bxe5 0-0 15. Nb3 Rac8 16. Rac1 Rfd8 17. Rxd8+ Bxd8 18. f3 Bd5 19. Bxd5 Rxc1+ 20. Nxc1 Nxd5 21. e4 Ne3 22. Kf2 Nc4 23. Bd4 Nxa3 24. Ke2 Nb5 25. Be3 Kf8 26. Nd3 Ke7 27. Nb2 Nd6 28. Na4 Nc4 29. Bf2 Kd6 30. Kd3 Ne5+ 31. Kc3 Kc6 32. f4 Ng4 33. Bg1 f5 34. exf5 exf5 35. Nb2 Bf6+ 36. Kb3 Bxb2 37. Kxb2 b5 38. Kc3 Kd5 39. Kd3 g6 40. h3 Nf6 41. Bd4 Nh5 42. Be3 Ng7 43. Bd2 Ne6 44. Bc1 h6 45. Bd2 Kd6 46. Bc1 Ke7 47. Bd2 Kf6 48. Bc3+ Kf7 49. Bd2 g5 50. fxg5 hxg5 51. g3 Kf6 52. h4 gxh4 53. gxh4 Kg6 54. Be1 Kh5 55. Ke2 Kg4 56. Bf2 Nf4+ 57. Kf1 Nd3 0-1

[Event "Titled Tuesday intern op 29th Aug Late"]
[Site "Chess.com INT"]
[Date "2023.08.29"]
[Round "2"]
[White "Zierk, Steven C"]
[Black "Cremisi, Daniel Josef"]
[Result "1-0"]
[WhiteElo "2488"]
[BlackElo "2170"]
[PlyCount "87"]
[EventDate "2023.08.29"]
[EventType "swiss (blitz)"]
[EventRounds "11"]
[EventCountry "USA"]
[SourceTitle "EXT 2024"]
[Source "ChessBase"]
[SourceDate "2023.10.10"]
[SourceVersion "1"]
[SourceVersionDate "2023.10.10"]
[SourceQuality "1"]

1. e4 e6 2. d4 d5 3. Nd2 dxe4 4. Nxe4 Nd7 5. Nf3 Ngf6 6. Nxf6+ Nxf6 7. Bg5 Be7 8. Bd3 b6 9. Ne5 Bd7 10. Qf3 0-0 11. Qh3 g6 12. Qf3 Be8 13. 0-0-0 Qd5 14. Qxd5 Nxd5 15. Bh6 Nb4 16. Bc4 b5 17. Bb3 a5 18. c3 a4 19. cxb4 axb3 20. a3 f6 21. Bxf8 Bxf8 22. Nd3 Bc6 23. f3 Bh6+ 24. Kb1 Rd8 25. Nc5 Kf7 26. Nxb3 Rd5 27. Rd3 Rd6 28. Rc3 Ke7 29. Na5 Bd5 30. Rxc7+ Kf8 31. Rxh7 Be3 32. Re1 Bxd4 33. Rc1 Kg8 34. Re7 Kf8 35. Rcc7 Bg1 36. Rf7+ Kg8 37. Rg7+ Kf8 38. Rxg6 Bxh2 39. Rh6 Be4+ 40. fxe4 Rd1+ 41. Kc2 Rc1+ 42. Kxc1 Bf4+ 43. Kc2 Bxc7 44. Rh7 1-0

[Event "Titled Tuesday intern op 29th Aug Late"]
[Site "Chess.com INT"]
[Date "2023.08.29"]
[Round "11"]
[White "Zierk, Steven C"]
[Black "Deac, Bogdan Daniel"]
[Result "0-1"]
[WhiteElo "2488"]
[BlackElo "2698"]
[PlyCount "50"]
[EventDate "2023.08.29"]
[EventType "swiss (blitz)"]
[EventRounds "11"]
[EventCountry "USA"]
[SourceTitle "EXT 2024"]
[Source "ChessBase"]
[SourceDate "2023.10.10"]
[SourceVersion "1"]
[SourceVersionDate "2023.10.10"]
[SourceQuality "1"]

1. e4 e5 2. Nf3 Nf6 3. d4 Nxe4 4. dxe5 d5 5. Nbd2 Qd7 6. Nxe4 dxe4 7. Qxd7+ Nxd7 8. Ng5 Nxe5 9. Bf4 Bd6 10. Nxe4 Nf3+ 11. gxf3 Bxf4 12. Rd1 0-0 13. Bc4 Bh3 14. Rg1 Rfe8 15. Be2 Kf8 16. Rd5 g6 17. Nf6 Red8 18. Nxh7+ Kg7 19. Rh5 Rd2 20. Ng5 Bf5 21. Rh7+ Kg8 22. Rh4 Bxg5 23. Rxg5 Rxc2 24. Bc4 Re8+ 25. Kf1 Rxc4 0-1

[Event "Titled Tuesday intern op 22nd Aug Late"]
[Site "Chess.com INT"]
[Date "2023.08.22"]
[Round "2"]
[White "Przybylski, Wojciech"]
[Black "Zierk, Steven C"]
[Result "1-0"]
[WhiteElo "2308"]
[BlackElo "2488"]
[PlyCount "209"]
[EventDate "2023.08.22"]
[EventType "swiss (blitz)"]
[EventRounds "11"]
[EventCountry "USA"]
[SourceTitle "EXT 2024"]
[Source "ChessBase"]
[SourceDate "2023.10.10"]
[SourceVersion "1"]
[SourceVersionDate "2023.10.10"]
[SourceQuality "1"]

1. d4 d5 2. g3 Nf6 3. Bg2 c6 4. Nf3 Bg4 5. 0-0 Nbd7 6. c4 e6 7. h3 Bf5 8. Nc3 h6 9. Re1 Be7 10. Nd2 0-0 11. e4 dxe4 12. Ndxe4 Nxe4 13. Nxe4 Nf6 14. Nc3 Qb6 15. b3 Rfd8 16. Be3 Bb4 17. Na4 Qc7 18. Re2 e5 19. d5 cxd5 20. cxd5 b5 21. a3 Bf8 22. Rc1 Qa5 23. Nc5 Qxa3 24. Nb7 Rd7 25. d6 Ne4 26. Bxe4 Bxe4 27. Ra1 Qxa1 28. Qxa1 Bxb7 29. Bc5 f6 30. b4 Bd5 31. Rd2 Bc4 32. f4 exf4 33. gxf4 Rad8 34. Qd1 Re8 35. Qg4 Re1+ 36. Kf2 Re6 37. Qf5 Bxd6 38. Bxd6 Rdxd6 39. Rxd6 Rxd6 40. Qc8+ Kh7 41. h4 Rd2+ 42. Ke3 Rd3+ 43. Kf2 Rd5 44. Qe8 Rf5 45. Qe4 g6 46. Qe7+ Kg8 47. Ke3 Bf7 48. Qd8+ Kg7 49. Qd7 a6 50. Qb7 g5 51. hxg5 fxg5 52. fxg5 hxg5 53. Qxa6 g4 54. Qd6 Rg5 55. Qf4 Rg6 56. Qd4+ Kg8 57. Qd8+ Kh7 58. Qh4+ Kg7 59. Qg3 Re6+ 60. Kd4 Rg6 61. Ke5 Bc4 62. Kf5 Rf6+ 63. Ke5 Be2 64. Qh4 Rg6 65. Qe7+ Kh6 66. Kf4 Bf3 67. Qf8+ Kh7 68. Qf7+ Rg7 69. Qh5+ Kg8 70. Qe8+ Kh7 71. Qxb5 Rf7+ 72. Kg3 Kg6 73. Qb6+ Kf5 74. Qd4 Rb7 75. Qc5+ Ke6 76. b5 Kd7 77. Kf4 Rc7 78. Qd4+ Kc8 79. b6 Rc6 80. Qb4 Kb7 81. Kg3 Rxb6 82. Qe7+ Ka6 83. Qa3+ Kb5 84. Qc3 Rc6 85. Qd3+ Kc5 86. Kf4 Rd6 87. Qa3+ Kd5 88. Qb3+ Kd4 89. Qb4+ Kd5 90. Qb5+ Kd4 91. Qe5+ Kd3 92. Qxd6+ Ke2 93. Qc5 Kd3 94. Qe3+ Kc4 95. Qf2 Kd3 96. Ke5 Kc3 97. Qe3+ Kc4 98. Qd2 Bc6 99. Qc2+ Kb5 100. Kd6 Bf3 101. Qb3+ Ka6 102. Kc5 Ka7 103. Qb6+ Ka8 104. Kd6 g3 105. Kc7 1-0

[Event "Titled Tuesday intern op 22nd Aug Late"]
[Site "Chess.com INT"]
[Date "2023.08.22"]
[Round "4"]
[White "Willy, Stephen"]
[Black "Zierk, Steven C"]
[Result "0-1"]
[WhiteElo "2072"]
[BlackElo "2488"]
[PlyCount "50"]
[EventDate "2023.08.22"]
[EventType "swiss (blitz)"]
[EventRounds "11"]
[EventCountry "USA"]
[SourceTitle "EXT 2024"]
[Source "ChessBase"]
[SourceDate "2023.10.10"]
[SourceVersion "1"]
[SourceVersionDate "2023.10.10"]
[SourceQuality "1"]

1. e4 e6 2. d4 d5 3. Nc3 Bb4 4. e5 c5 5. Bd2 Ne7 6. Nb5 Bxd2+ 7. Qxd2 0-0 8. Nf3 a6 9. Nd6 cxd4 10. Nxd4 Nbc6 11. Nf3 Nxe5 12. Nxe5 Qxd6 13. Nf3 e5 14. 0-0-0 Bg4 15. Be2 Rac8 16. Nxe5 Bf5 17. Nd3 Nc6 18. Kb1 Nd4 19. c3 Nxe2 20. Qxe2 d4 21. g4 dxc3 22. bxc3 Rfe8 23. Qd2 Be4 24. Rhg1 Qa3 25. Qb2 Qxc3 0-1

[Event "Titled Tuesday intern op 22nd Aug Late"]
[Site "Chess.com INT"]
[Date "2023.08.22"]
[Round "5"]
[White "Zierk, Steven C"]
[Black "Kleiman, Jake"]
[Result "1-0"]
[WhiteElo "2488"]
[BlackElo "2399"]
[PlyCount "105"]
[EventDate "2023.08.22"]
[EventType "swiss (blitz)"]
[EventRounds "11"]
[EventCountry "USA"]
[SourceTitle "EXT 2024"]
[Source "ChessBase"]
[SourceDate "2023.10.10"]
[SourceVersion "1"]
[SourceVersionDate "2023.10.10"]
[SourceQuality "1"]

1. e4 e5 2. Nf3 Nc6 3. Bc4 Bc5 4. c3 Nf6 5. d4 exd4 6. e5 d5 7. Bb5 Ne4 8. cxd4 Bb6 9. Nc3 Nxc3 10. bxc3 0-0 11. Bg5 Qe8 12. 0-0 Bd7 13. Bd3 Na5 14. Nd2 c5 15. Be3 cxd4 16. cxd4 Bb5 17. Qe2 Bxd3 18. Qxd3 Rc8 19. f4 f5 20. exf6 Rxf6 21. Nf3 Nc4 22. Ne5 Qe6 23. Rac1 Nd6 24. g4 Rxc1 25. Rxc1 Rf8 26. f5 Qe8 27. Qb3 Qb5 28. Qxb5 Nxb5 29. Nd7 Re8 30. Nxb6 axb6 31. Kf2 Nd6 32. Bf4 Nc4 33. Re1 Rxe1 34. Kxe1 Kf7 35. Ke2 b5 36. Kd3 Ke7 37. Kc3 Kf6 38. Kb4 h5 39. h3 hxg4 40. hxg4 g6 41. fxg6 Kxg6 42. Kc5 Na3 43. Kxd5 Nc2 44. Kc5 b6+ 45. Kxb5 Nxd4+ 46. Kxb6 Ne6 47. Be3 Nf8 48. a4 Nd7+ 49. Kc7 Ne5 50. a5 Nxg4 51. Bd4 Nh6 52. a6 Nf5 53. Bc5 1-0

[Event "Titled Tuesday intern op 22nd Aug Late"]
[Site "Chess.com INT"]
[Date "2023.08.22"]
[Round "8"]
[White "Zierk, Steven C"]
[Black "Omelja, Artem"]
[Result "1-0"]
[WhiteElo "2488"]
[BlackElo "2435"]
[PlyCount "95"]
[EventDate "2023.08.22"]
[EventType "swiss (blitz)"]
[EventRounds "11"]
[EventCountry "USA"]
[SourceTitle "EXT 2024"]
[Source "ChessBase"]
[SourceDate "2023.10.10"]
[SourceVersion "1"]
[SourceVersionDate "2023.10.10"]
[SourceQuality "1"]

1. e4 c5 2. Nf3 e6 3. d4 cxd4 4. Nxd4 Nc6 5. Nc3 Nf6 6. a3 Be7 7. Be3 0-0 8. f4 d6 9. Qf3 Qc7 10. Ndb5 Qb8 11. Qg3 e5 12. fxe5 dxe5 13. Nd5 Nxe4 14. Qf3 Nf6 15. Ndc7 Bg4 16. Qg3 a6 17. Nxa8 axb5 18. Nb6 Rd8 19. Bxb5 Nd4 20. Bxd4 Rxd4 21. 0-0 Bc5 22. Kh1 Bxb6 23. Rxf6 gxf6 24. h3 Qc8 25. Be2 h5 26. hxg4 hxg4 27. Rd1 Qxc2 28. Rxd4 Bxd4 29. Qxg4+ Kf8 30. b4 Qc1+ 31. Bd1 Qh6+ 32. Qh5 Qe3 33. Kh2 Qxa3 34. b5 Qb4 35. Be2 Qb2 36. Qf3 b6 37. Bc4 Qd2 38. Qh5 Qf4+ 39. Kh3 Ke7 40. Qxf7+ Kd6 41. Qd5+ Ke7 42. Qe6+ Kd8 43. Qd6+ Kc8 44. Be6+ Kb7 45. Qd7+ Kb8 46. Qc8+ Ka7 47. Qc7+ Ka8 48. Bd5# 1-0

[Event "Titled Tuesday intern op 22nd Aug Late"]
[Site "Chess.com INT"]
[Date "2023.08.22"]
[Round "3"]
[White "Zierk, Steven C"]
[Black "Reprintsev, Alexander"]
[Result "1-0"]
[WhiteElo "2488"]
[BlackElo "2225"]
[PlyCount "85"]
[EventDate "2023.08.22"]
[EventType "swiss (blitz)"]
[EventRounds "11"]
[EventCountry "USA"]
[SourceTitle "EXT 2024"]
[Source "ChessBase"]
[SourceDate "2023.10.10"]
[SourceVersion "1"]
[SourceVersionDate "2023.10.10"]
[SourceQuality "1"]

1. e4 d5 2. exd5 Qxd5 3. Nc3 Qd6 4. d4 c6 5. Nf3 Bf5 6. g3 e6 7. Bf4 Qd8 8. Nh4 g6 9. Nxf5 gxf5 10. Bg2 Nd7 11. Qe2 Ndf6 12. 0-0-0 Bd6 13. Be5 Bxe5 14. Qxe5 Qb8 15. Qc5 Ne7 16. Rhe1 Nd7 17. Qa3 Qc7 18. d5 cxd5 19. Bxd5 Nc5 20. Nb5 Qb6 21. Nd6+ Qxd6 22. Bxb7 Qxd1+ 23. Rxd1 Nxb7 24. Qa4+ Kf8 25. Rd7 Nc5 26. Qd4 Nxd7 27. Qxh8+ Ng8 28. Qxh7 Ndf6 29. Qh4 Rd8 30. Qa4 Rd7 31. c4 Ne7 32. c5 Rc7 33. b4 Ne4 34. f3 Nc3 35. Qb3 Ncd5 36. h4 Nc6 37. a3 Kg7 38. Qb2+ Kg6 39. Qd2 f6 40. g4 Ne5 41. h5+ Kg7 42. gxf5 Nc4 43. Qg2+ 1-0

[Event "Titled Tuesday intern op 22nd Aug Late"]
[Site "Chess.com INT"]
[Date "2023.08.22"]
[Round "7"]
[White "Zierk, Steven C"]
[Black "Veiga, Jose Francisco RP"]
[Result "1-0"]
[WhiteElo "2488"]
[BlackElo "2389"]
[PlyCount "41"]
[EventDate "2023.08.22"]
[EventType "swiss (blitz)"]
[EventRounds "11"]
[EventCountry "USA"]
[SourceTitle "EXT 2024"]
[Source "ChessBase"]
[SourceDate "2023.10.10"]
[SourceVersion "1"]
[SourceVersionDate "2023.10.10"]
[SourceQuality "1"]

1. e4 c6 2. d4 d5 3. exd5 cxd5 4. Bd3 Nc6 5. c3 Qc7 6. Ne2 Bg4 7. 0-0 e6 8. Qe1 Bd6 9. f3 Bh5 10. Qh4 Nf6 11. Bg5 Bg6 12. Bxg6 fxg6 13. Bxf6 gxf6 14. Qxf6 Rf8 15. Qxe6+ Ne7 16. g3 Rd8 17. Nd2 Rd7 18. c4 dxc4 19. Nxc4 Bxg3 20. hxg3 Rxd4 21. Rac1 1-0

[Event "Titled Tuesday intern op 22nd Aug Late"]
[Site "Chess.com INT"]
[Date "2023.08.22"]
[Round "10"]
[White "Zierk, Steven C"]
[Black "Zhu, Jiner"]
[Result "0-1"]
[WhiteElo "2488"]
[BlackElo "2498"]
[PlyCount "84"]
[EventDate "2023.08.22"]
[EventType "swiss (blitz)"]
[EventRounds "11"]
[EventCountry "USA"]
[SourceTitle "EXT 2024"]
[Source "ChessBase"]
[SourceDate "2023.10.10"]
[SourceVersion "1"]
[SourceVersionDate "2023.10.10"]
[SourceQuality "1"]

1. e4 c5 2. Nf3 Nc6 3. Bb5 g6 4. 0-0 Bg7 5. c3 e5 6. d4 cxd4 7. cxd4 exd4 8. Bf4 a6 9. Bc4 d6 10. Nbd2 Nge7 11. Nb3 0-0 12. Nbxd4 Nxd4 13. Nxd4 d5 14. exd5 Nxd5 15. Bxd5 Qxd5 16. Nf3 Qxd1 17. Rfxd1 Bxb2 18. Rab1 Bg7 19. Ne5 b5 20. Nc6 Be6 21. a3 Rfe8 22. Rd2 Rac8 23. Rc1 h5 24. h4 Kh7 25. Rdd1 Bb2 26. Rb1 Bxa3 27. Nd4 Bc5 28. Be3 Bc4 29. Ra1 b4 30. Rdc1 Bf8 31. Ra5 b3 32. Rb1 Bg7 33. Nxb3 Rb8 34. Nd2 Rxb1+ 35. Nxb1 Bb5 36. Ra3 Rc8 37. Nd2 Rc2 38. Ne4 Be5 39. f4 Bg7 40. Nc5 Bf8 41. Rxa6 Bxc5 42. Bxc5 Bxa6 0-1

[Event "Titled Tuesday intern op 15th Aug Late"]
[Site "Chess.com INT"]
[Date "2023.08.15"]
[Round "4"]
[White "Kirk, Ezra"]
[Black "Zierk, Steven C"]
[Result "1-0"]
[WhiteElo "2416"]
[BlackElo "2488"]
[PlyCount "69"]
[EventDate "2023.08.15"]
[EventType "swiss (blitz)"]
[EventRounds "11"]
[EventCountry "USA"]
[SourceTitle "EXT 2024"]
[Source "ChessBase"]
[SourceDate "2023.10.10"]
[SourceVersion "1"]
[SourceVersionDate "2023.10.10"]
[SourceQuality "1"]

1. e4 e6 2. d4 d5 3. e5 c5 4. c3 Nc6 5. Nf3 Nh6 6. Na3 cxd4 7. cxd4 Nf5 8. Nc2 Nb4 9. Be2 Nxc2+ 10. Qxc2 Bd7 11. 0-0 Rc8 12. Qd1 Be7 13. Bd2 0-0 14. Bd3 b5 15. a3 a5 16. Qe1 Ra8 17. g4 Nh4 18. Nxh4 Bxh4 19. Qe2 Qb6 20. Be3 Be7 21. f4 f6 22. f5 fxe5 23. dxe5 Bc5 24. Rae1 Rac8 25. f6 Bxe3+ 26. Qxe3 Qc5 27. Qxc5 Rxc5 28. g5 g6 29. h4 b4 30. axb4 axb4 31. Ra1 Bb5 32. Bxb5 Rxb5 33. Ra7 d4 34. Rg7+ Kh8 35. Rc1 1-0